000 00836nam a22002777a 4500
001 BR5900109
003 BR-BrBNA
005 20230928083007.0
007 ta
008 230509b bl.||||| |||| 00| 0 por d
040 _aBR-BrBNA
_bpor
_cBiblioteca Nacional de Agricultura
041 _a(Por)
072 _aK20
_b/G514
_b/GZ72
090 _ K20 BR5900109
100 1 _aAzambuja, D. de
110 1 _aMinisterio da Agricultura, Rio de Janeiro, GB (Brasil). Servico Florestal
245 1 _aMedidas fundamentais para o equacionamento do problema florestal brasileiro
260 3 _aRio de Janeiro, GB (Brasil):
_c1959.
300 _a31 p.
650 _aAdministracao florestal
650 _aFloresta
650 _aPlanejamento florestal
650 _aPolitica florestal
909 _a202309
_bLucia
_c55
_dLucia Elande
942 _cBK
999 _c11000
_d11000